Teams that Mohamed Salah Has Played For - Statistics

General Stats
  • This quiz has been taken 612 times
  • The average score is 6 of 8
Answer Stats
Year(s) Apps Goals Team % Correct
2017- 288 184 Liverpool
99%
2015-2016 34 14 Roma
93%
2016-2017 31 15 Roma
93%
2014-2016 13 2 Chelsea
88%
2012-2014 47 9 Basel
62%
2015 16 6 Fiorentina
62%
2011- 105 60 Egypt
61%
2010-2012 38 11 Al Mokawloon
18%
No matching quizzes found
Score Distribution
Percent of People with Each Score
Percentile by Number Answered
Your Score History
You have not taken this quiz